Countries of the World 1960 - Statistics

General Stats
  • This quiz has been taken 91 times
  • The average score is 86 of 95
Answers on the Map
Answers color-coded by a green-red scale on the quiz's map according to % correct below.
 
Answer Stats
Answer % Correct
France
100%
Portugal
100%
Spain
100%
United Kingdom
100%
Soviet Union
98%
United States of America
98%
Belgium
96%
Canada
96%
China
96%
India
96%
Ireland
96%
Italy
96%
Mexico
96%
Norway
96%
South Africa
96%
Argentina
95%
Brazil
95%
Chile
95%
Finland
95%
Iceland
95%
Mongolia
95%
Morocco
95%
Netherlands
95%
North Korea
95%
Peru
95%
Saudi Arabia
95%
South Korea
95%
Sudan
95%
Sweden
95%
Tunisia
95%
Turkey
95%
Australia
93%
Austria
93%
Bolivia
93%
Denmark
93%
Greece
93%
Iran
93%
Iraq
93%
Japan
93%
Libya
93%
Paraguay
93%
Uruguay
93%
Yemen
93%
Colombia
91%
Cuba
91%
East Germany
91%
Guatemala
91%
Hungary
91%
Indonesia
91%
Israel
91%
Laos
91%
Nepal
91%
Poland
91%
Switzerland
91%
Thailand
91%
Venezuela
91%
West Germany
91%
Yugoslavia
91%
Albania
89%
Bulgaria
89%
Costa Rica
89%
Czechoslovakia
89%
Ecuador
89%
Ethiopia
89%
Honduras
89%
Jordan
89%
New Zealand
89%
Pakistan
89%
Panama
89%
Romania
89%
Afghanistan
88%
Andorra
88%
Bhutan
88%
Dominican Republic
88%
Haiti
88%
Nicaragua
88%
Philippines
88%
Cambodia
86%
Lebanon
86%
Luxembourg
86%
Malaysia
86%
El Salvador
84%
Ghana
84%
Liechtenstein
84%
Monaco
84%
Taiwan
84%
Vatican City
84%
Burma
82%
Liberia
82%
San Marino
82%
Guinea
81%
North Vietnam
81%
South Vietnam
81%
Ceylon
61%
United Arab Republic
53%
No matching quizzes found
Score Distribution
Percent of People with Each Score
Percentile by Number Answered
Your Score History
You have not taken this quiz